00308 a2200109 4500040001300000082001300013100003400026245005900060260004300119300002100162650001500183 aDLCbDLC a891.4391 aSufi Ghulam Mustafa Tabassum. aKuliaat-e-Sufi Tabassum cSufi Ghulam Mustafa Tabassum aLahore :bAl-Hamd Publications,c1998. a656 p. ;c22 cm. aUrdu Adab.